WOMEN, POWER AND POLITICS (Record no. 215757)

MARC details
000 -LEADER
fixed length control field 00570nam a22001697a 4500
008 - FIXED-LENGTH DATA ELEMENTS--GENERAL INFORMATION
fixed length control field 250625b |||||||| |||| 00| 0 eng d
020 ## - INTERNATIONAL STANDARD BOOK NUMBER
International Standard Book Number 0-230-50780-8
050 ## - LIBRARY OF CONGRESS CALL NUMBER
Classification number HQ 1236 .S74 2007
100 ## - MAIN ENTRY--PERSONAL NAME
Personal name STEVENS, ANNE
245 ## - TITLE STATEMENT
Title WOMEN, POWER AND POLITICS
260 ## - PUBLICATION, DISTRIBUTION, ETC.
Place of publication, distribution, etc. NEW YORK
Name of publisher, distributor, etc. PALGRAVE MACMILLAN
Date of publication, distribution, etc. 2007
300 ## - PHYSICAL DESCRIPTION
Extent XIV, 266 P.: ILL.
500 ## - GENERAL NOTE
General note INCLUDES BIBLIOGRAPHICAL REFERENCES AND INDEX
650 ## - SUBJECT ADDED ENTRY
Topical term or geographic name entry element 1. WOMEN--POLITICAL ACTIVITY--OECD COUNTRIES. 2. WOMEN AND DEMOCRACY. 3. WOMEN--POLITICAL ACTIVITY.
942 ## - ADDED ENTRY ELEMENTS (KOHA)
Source of classification or shelving scheme Library of Congress Classification
Koha item type Long Loan Book
Holdings
Withdrawn status Lost status Source of classification or shelving scheme Damaged status Not for loan Collection Home library Current library Shelving location Date acquired Inventory number Total checkouts Full call number Barcode Date last seen Copy number Price effective from Koha item type
    Library of Congress Classification     Arts & Social Sciences Kisii University Library Kisii University Library On Display 06/25/2025 108505   HQ 1236 .S74 2007 000000020088 06/25/2025 1 06/25/2025 Long Loan Book
    Library of Congress Classification     Arts & Social Sciences Kisii University Library Kisii University Library On Display 06/25/2025 108504   HQ 1236 .S74 2007 000000020087 06/25/2025 2 06/25/2025 Long Loan Book